=LDR 00000nam 2200000 4500 =001 INLIS000000000026774 =005 20130612125210 =008 ***********************************ind** =035 ##$$0010-061300000026774 =041 ##$$a ind =082 ##$$a 530.021 =090 ##$$a 530.021, BAG k =100 ##$$a Bagio, Tulus =245 ##$$a Kumpulan rumus Fisika SMA, Tulus Bagio; penyunting, Fuad Izzudin =260 ##$$a 2004 $b Jakarta =300 ##$$a x, 140 hlm., ilus., 20 cm =650 ##$$a Fisika =650 ##$$a Rumus =700 ##$$a Izzudin, Fuad =850 ##$$a NBPNMAT =990 ##$$a 0001/BPAP-NTB/2016